000 00602pam a2200193 a 4500
001 444490
005 20241125172007.0
008 821105s1983 mnua b 001 0 eng
020 _a0314696814 :
_c$19.95
050 0 0 _aQB43.2
_b.S66 1983
082 0 0 _a520
_219
100 1 _aSnow, Theodore P.
_q(Theodore Peck)
245 1 4 _aThe dynamic universe :
_ban introduction to astronomy /
_cTheodore P. Snow.
260 _aSt. Paul, Minn. :
_bWest Pub. Co.,
_cc1983.
300 _axxi, 543 p. :
_bill. (some col.) ;
_c27 cm.
500 _aCharts on lining papers.
650 0 _aAstronomy.
942 _2lcc
_cBK
_n0
999 _c1527
_d1527